| 000 | 02080nam a22002417a 4500 | ||
|---|---|---|---|
| 999 |
_c63506 _d63506 |
||
| 003 | Ge_BSU | ||
| 005 | 20251020195806.0 | ||
| 008 | 251020s2025 ge ||||| |||| 00| 0 geo d | ||
| 020 | _a9789941874888 | ||
| 041 | _ageo | ||
| 080 | _a321.64(479.22) :343.342.3(479.22) რ-40 | ||
| 245 |
_aრელიგიური რეპრესიები საბჭოთა საქართველოში = Religious repressions in Sovuet Georgia : _b(შსს არქივის მონაცემების მიხედვით) / _c პროექტის ხელმძღვანელი ზვიად ტყაბლაძე; პროექტის კოორდინატორი გიორგი პატაშური; მკვლევარები: ზაზა ვაშაყმაძე, სერგო ფარულავა, აბესალომ ასლანიძე, მარინე მაზმიშვილი, დავით დავითაშვილი, ბადრი ჩერქეზიშვილი, ლალი ეხვაია. |
||
| 264 |
_aთბილისი, _c2025. |
||
| 300 |
_a752 გვ. ; _b30 სმ. |
||
| 500 | _aრეპრესირებულ პირთა საძიებელი: გვ. 740-749. | ||
| 501 | _aპროექტი განხორციელდა საქართველოს შოთა რუსთაველის ეროვნული სამეცნიერო ფონდის ფინანსური მხარდაჭერით. | ||
| 504 | _aბიბლიოგრაფია: გვ. 750-752. | ||
| 653 | _aრეპრესიები | ||
| 653 | _aრელიგიური დევნა | ||
| 700 |
_aტყაბლაძე,ზვიად _eპროექტის ხელმძღვანელი _926082 |
||
| 700 |
_aპატაშური, გიორგი _eპროექტის კოორდინატორი _926083 |
||
| 942 |
_2udc _cᲬᲘᲒᲜᲘ |
||